Review Of Physiology(WO) (Record no. 2900)

MARC details
000 -LEADER
fixed length control field 00374nam a2200169Ia 4500
003 - CONTROL NUMBER IDENTIFIER
control field OSt
005 - DATE AND TIME OF LATEST TRANSACTION
control field 20240124113953.0
008 - FIXED-LENGTH DATA ELEMENTS--GENERAL INFORMATION
fixed length control field 230312s9999||||xx |||||||||||||| ||und||
040 ## - CATALOGING SOURCE
Transcribing agency ABC
082 ## - DEWEY DECIMAL CLASSIFICATION NUMBER
Classification number 612-WO
Item number FIR
100 ## - MAIN ENTRY--PERSONAL NAME
Personal name Firdaus Muhammad
245 #0 - TITLE STATEMENT
Title Review Of Physiology(WO)
300 ## - PHYSICAL DESCRIPTION
Extent 280
546 ## - LANGUAGE NOTE
Language note Eng.
650 ## - SUBJECT ADDED ENTRY--TOPICAL TERM
Topical term or geographic name entry element Medical
Form subdivision Physiology
942 ## - ADDED ENTRY ELEMENTS (KOHA)
Koha item type BOOK
Source of classification or shelving scheme Dewey Decimal Classification
Holdings
Withdrawn status Lost status Source of classification or shelving scheme Damaged status Not for loan Home library Current library Date acquired Total Checkouts Total Renewals Full call number Barcode Date last seen Date last checked out Price effective from Koha item type
    Dewey Decimal Classification     Superior Information Resource Center (SIRC) Superior University- Central Library Superior Information Resource Center (SIRC) Superior University- Central Library 03/13/2023 1 2 612 FIR 2913 06/07/2023 05/24/2023 03/13/2023 BOOK

Powered by Koha